Guía de carreras : region bonaerense año 1995 /
Guardado en:
| Formato: | Libro |
|---|---|
| Publicado: |
Buenos Aires :
Secretaría de Políticas Universitarias,
1994
|
| Materias: | |
| Etiquetas: |
Agregar Etiqueta
Sin Etiquetas, Sea el primero en etiquetar este registro!
|
| LEADER | 00827nam a22002055a 4500 | ||
|---|---|---|---|
| 001 | CEM.cems008664 | ||
| 005 | 20060214000000.0 | ||
| 008 | 130507s1994##################000#0#####d | ||
| 003 | CEMS | ||
| 082 | 0 | 4 | |a 371.425 |
| 245 | 0 | 0 | |a Guía de carreras : |b region bonaerense año 1995 / |
| 260 | |a Buenos Aires : |b Secretaría de Políticas Universitarias, |c 1994 | ||
| 300 | |a 385 p. | ||
| 505 | 0 | |a UNIVERSIDADES:Carreras por orden alfabtico. Carreras por universidad. Carreras por localidad. Carreras ordenadas por temas. Datos particulares de cada carrera universitaria. INSTITUTOS TERCIARIOS NO UNIVERSITARIOS: idem. | |
| 653 | |a Carreras terciarias-1995 | ||
| 653 | |a Carreras universitarias | ||
| 653 | |a C. basico 1995 | ||
| 653 | |a Educacion | ||
| 653 | |a Guias | ||
| 859 | |a CEMS |b BIB. CEMS - 11 de abril |h 371.425 |i Ar37/1995 |p 18085.95 |t Ej.1 | ||
